01113 2200397 4500001002100000005001500021007000300036008004100039020002200080035002000102040001700122041000800139082001200147084001800159090002700177100002800204245006100232250000900293264003700302300004100339336002100380337003000401338002300431504002500454650002100479700003300500850001000533990002100543990002100564990002100585990002100606990002200627990002200649990002200671990002200693INLIS00000000000928020260422014529ta260422 0  a978-979-29-1637-9 a0010-1122000239 aSBPUPADbind0 aind a745.922 a745.922 PRI m a745.922 PRI m L 22 R 90 aCS Priyanti;ePengarang1 aMerangkai Bunga /cCS Priyanti, Editor; Benedicta Rini W aEd.1 aYogyakarta :bAndi Offset,c2008 axii + 84 hlm. :bilus. ;c19 x 19 cm 2rdacontentateks 2rdamediaatanpa perantara 2rdacarrieravolume abibiliografi, hlm 82 4aMerangkai Bunga/ aBenedicta Rini W;ePengarang aPUPAD a22075/BR/KAPD/15 a22076/BR/KAPD/15 a22077/BR/KAPD/15 a22078/BR/KAPD/15 a27.461/H/DPK/2018 a27.462/H/DPK/2018 a27.462/P/DPK/2018 a27.463/H/DPK/2018